| 000 | 00708nam a22001337a 4500 | ||
|---|---|---|---|
| 040 | _cRUA | ||
| 082 | _aAGR SEN 2006 BOO33 Or.1 | ||
| 100 | _aSEANG, RITHY | ||
| 245 | _aEffect of plant organic mulch on yield of lettuce underthe royal university of agriculture crops station condition, (ឥទ្ថិពលគំរបសរីរាង្គធម្មមជាតិទៅលើួិន្នផលដំណាំសាលាដនៅក្រោមលក្ខណ្ឌស្ថានីយ៍ដំណាំនៃសាកលវិទ្យាល័យភូមិកសិកម្ម). | ||
| 260 |
_aphnom phen _bRUA _c2006 |
||
| 300 |
_aXIII,46P. _bILL. _c29CM. |
||
| 856 | _uSEANG RITHY | ||
| 942 | _cAGR | ||
| 999 |
_c716 _d716 |
||